|
|
|
|
| LEADER |
00762nam a22001937a 4500 |
| 008 |
180411b xxu||||| |||| 00| 0 eng d |
| 999 |
|
|
|c 22045
|d 22045
|
| 020 |
|
|
|a 9788187474517
|
| 082 |
|
|
|a 928.6
|b NER/SAN
|
| 240 |
|
|
|a Nerdua
|
| 245 |
|
|
|a നെരൂദ /
|c എഡിറ്റര് : സന്തോഷ്, വി. ആര്.
|
| 250 |
|
|
|a 2nd ed.
|
| 260 |
|
|
|a കോഴിക്കോട്
|b പാപ്പിയോണ്,
|c 2011.
|
| 300 |
|
|
|a 114p.
|
| 600 |
|
|
|a Nerudua
|
| 650 |
|
|
|a Essays, interview, speeches
|
| 700 |
|
|
|a Santhosh, V. R
|e translator.
|
| 942 |
|
|
|2 ddc
|c BK
|
| 952 |
|
|
|0 0
|1 0
|2 ddc
|4 0
|6 928_600000000000000_NER_SAN
|7 0
|9 30579
|a MAIN
|b MAIN
|d 2018-04-11
|e Olive Publications
|g 75.00
|l 4
|o 928.6 NER/SAN
|p 30658
|r 2019-03-28
|s 2019-03-25
|t 1
|w 2018-04-11
|y BK
|